Statistics for Low-Cost Airlines by Country #2

Click here to take the quiz!

General Stats

  • This quiz has been taken 146 times
  • The average score is 11 of 20

Answer Stats

AirlineCountry% Correct
Frontier AirlinesUnited States
90%
FlydubaiUnited Arab Emirates
89%
FlybeUnited Kingdom
84%
SpiceJetIndia
75%
LaudaAustria
69%
Sunwing AirlinesCanada
65%
InterjetMexico
63%
UtairRussia
61%
Jin AirSouth Korea
60%
LevelSpain
60%
Nok AirThailand
59%
Lucky AirChina
58%
MangoSouth Africa
56%
CitilinkIndonesia
52%
ZIPAIRJapan
46%
FlynasSaudi Arabia
45%
Blue AirRomania
40%
JambojetKenya
32%
Air ManasKyrgyzstan
23%
FastjetZimbabwe
16%

Score Distribution

Percentile by Number Answered

Percent of People with Each Score

Your Score History

You have not taken this quiz